000 003190000a22001450004500
003 MACL
040 _aMACL
090 _c34157
_d34155
100 _aAhluwalia, B K
245 _aOur President Giani Zail Singh
260 _bHarnam Publications
_c1983
350 _a65
650 _aBiography
942 _cBOOK
_k923.2/AHL
999 _c33795
_d33795